Online Catalogue and eLibrary

Indian communism : (Record no. 2733)

MARC details
000 -LEADER
fixed length control field 00496nam a2200205Ia 4500
005 - DATE AND TIME OF LATEST TRANSACTION
control field 20240527055934.0
008 - FIXED-LENGTH DATA ELEMENTS--GENERAL INFORMATION
fixed length control field 240331s9999 xx 000 0 und d
020 ## - INTERNATIONAL STANDARD BOOK NUMBER
ISBN 817099294X
082 ## - DDC Classification
Item Number - Author Mark SIN
Class No. 335
100 ## - MAIN ENTRY--PERSONAL NAME
Personal name Singh, R.S
100 ## - MAIN ENTRY--PERSONAL NAME
Personal name Singh Champa
245 #0 - TITLE STATEMENT
Title Indian communism :
Remainder of title its role towards Indian polity
250 ## - EDITION STATEMENT
Edition statement 1 st
260 ## - PUBLICATION, DISTRIBUTION, ETC.
Place of publication, distribution, etc. New Delhi
Name of publisher, distributor, etc. Mittal Publications
Date of publication, distribution, etc. 1991
300 ## - PHYSICAL DESCRIPTION
Extent (e.g. Volumes, Pages etc.) 169 p .,
500 ## - GENERAL NOTE
General note
650 ## - SUBJECT ADDED ENTRY--TOPICAL TERM
Topical term or geographic name entry element Politics
650 ## - SUBJECT ADDED ENTRY--TOPICAL TERM
Topical term or geographic name entry element Social
942 ## - Koha item type (Biblio)
Koha item type Books in Stacks (Lending)
Holdings
Lost status Damaged status Collection code Home library Current library Shelving location Date acquired Full call number Accession Number Item type
    Lending WERC Library WERC Library Social Science Cupboard 03/31/2024 335 SIN 937 Books in Stacks (Lending)

© WERC Library